| 000 | 00826nam a2200181Ia 4500 | ||
|---|---|---|---|
| 008 | 100920s9999 xx 000 0 und d | ||
| 082 |
_b105743 _a375 न 09 |
||
| 100 | _aबागडे जयप्रकाश. | ||
| 245 | _aउत्कृष्ठ कार्यक्रमाचे संयोजन आणि सूत्रसंचालन. | ||
| 260 |
_bसाकेत,औरंगाबाद. _c2009 |
||
| 300 |
_a32 _bसाधी |
||
| 365 | _b25 | ||
| 520 | _aशालो. | ||
| 630 | _aउत्कृष्ठ कार्यक्रमाचे संयोजन आणि सूत्रसंचालन. | ||
| 650 | _aशालो. | ||
| 730 | _aउत्कृष्ठ कार्यक्रमाचे संयोजन आणि सूत्रसंचालन. | ||
| 942 | _cBOOK | ||
| 999 |
_c746174 _d746171 |
||